<?xml version="1.0" encoding="UTF-8"?>
<record
    xmlns:xsi="http://www.w3.org/2001/XMLSchema-instance"
    xsi:schemaLocation="http://www.loc.gov/MARC21/slim http://www.loc.gov/standards/marcxml/schema/MARC21slim.xsd"
    xmlns="http://www.loc.gov/MARC21/slim">

  <leader>01580nam a22002297a 4500</leader>
  <controlfield tag="005">20260121085550.0</controlfield>
  <controlfield tag="008">260116b        |||||||| |||| 00| 0 eng d</controlfield>
  <datafield tag="020" ind1=" " ind2=" ">
    <subfield code="a">9789365690279</subfield>
  </datafield>
  <datafield tag="040" ind1=" " ind2=" ">
    <subfield code="c">AL</subfield>
  </datafield>
  <datafield tag="041" ind1=" " ind2=" ">
    <subfield code="a">English</subfield>
  </datafield>
  <datafield tag="082" ind1=" " ind2=" ">
    <subfield code="a">796.358092</subfield>
    <subfield code="b">DHAO</subfield>
  </datafield>
  <datafield tag="100" ind1=" " ind2=" ">
    <subfield code="a">Shikhar Dhawan</subfield>
    <subfield code="9">251963</subfield>
  </datafield>
  <datafield tag="245" ind1=" " ind2=" ">
    <subfield code="a">One</subfield>
    <subfield code="b">: Cricket my life and more</subfield>
  </datafield>
  <datafield tag="260" ind1=" " ind2=" ">
    <subfield code="a">Haryana</subfield>
    <subfield code="b">Harper Collins Publishers</subfield>
    <subfield code="c">2025</subfield>
  </datafield>
  <datafield tag="300" ind1=" " ind2=" ">
    <subfield code="a">xiii,222p.</subfield>
    <subfield code="b">HB</subfield>
    <subfield code="c">23x16cm</subfield>
  </datafield>
  <datafield tag="365" ind1=" " ind2=" ">
    <subfield code="a">KSCR-000702</subfield>
    <subfield code="b">&#x20B9;559.00</subfield>
    <subfield code="c">&#x20B9;</subfield>
    <subfield code="d">&#x20B9;699.00</subfield>
    <subfield code="e">20%</subfield>
    <subfield code="f">13-01-2026</subfield>
  </datafield>
  <datafield tag="520" ind1=" " ind2=" ">
    <subfield code="a">"The One Cricket, My Life and More"
Shikhar Dhawan is an Indian former cricketer. A left-handed opening batter, he was considered one of the greatest ODI batsmen for Indian cricket team for a decade and Delhi in domestic cricket.
The One is the story of Shikhar Dhawans life, told by the man himself. One of the most popular openers for India, Dhawan has been a part of many of Indias famous one day international wins. Nicknamed Mr. ICC because of his performances in ICC tournaments, Dhawans batting style is considered classy, sublime and authoritative. Off the field, his massive social media following and his humorous take on almost everything have a niche of their own. For the first time, Shikhar opens about his cricket career, growing up as a middle class boy in Delhi, his friendship with teammates, relationships, and controversies. Heres a sports memoir that will stay with readers and fans for a long time.</subfield>
  </datafield>
  <datafield tag="650" ind1=" " ind2=" ">
    <subfield code="a">Biography</subfield>
    <subfield code="9">251536</subfield>
  </datafield>
  <datafield tag="700" ind1=" " ind2=" ">
    <subfield code="a">Chandresh ,Narayanan</subfield>
    <subfield code="9">251538</subfield>
  </datafield>
  <datafield tag="700" ind1=" " ind2=" ">
    <subfield code="a">Namita ,Kala</subfield>
    <subfield code="9">251539</subfield>
  </datafield>
  <datafield tag="942" ind1=" " ind2=" ">
    <subfield code="2">ddc</subfield>
    <subfield code="c">BK</subfield>
  </datafield>
  <datafield tag="999" ind1=" " ind2=" ">
    <subfield code="c">240759</subfield>
    <subfield code="d">240759</subfield>
  </datafield>
  <datafield tag="952" ind1=" " ind2=" ">
    <subfield code="0">0</subfield>
    <subfield code="1">0</subfield>
    <subfield code="2">ddc</subfield>
    <subfield code="4">0</subfield>
    <subfield code="7">0</subfield>
    <subfield code="8">Games &amp; Sports</subfield>
    <subfield code="a">AL</subfield>
    <subfield code="b">AL</subfield>
    <subfield code="c">SK</subfield>
    <subfield code="d">2026-01-16</subfield>
    <subfield code="e">Navakarnataka Publications Pvt. Ltd. Mangaluru-575001</subfield>
    <subfield code="g">559.00</subfield>
    <subfield code="l">0</subfield>
    <subfield code="o">796.358092 DHAO</subfield>
    <subfield code="p">078047</subfield>
    <subfield code="r">2026-01-16 17:11:15</subfield>
    <subfield code="v">699.00</subfield>
    <subfield code="w">2026-01-13</subfield>
    <subfield code="y">BK</subfield>
  </datafield>
</record>
